Statistics for FLETCHER'S Songs

Click here to take the quiz!

General Stats

  • This quiz has been taken 68 times
    (35 since last reset)
  • The average score is 31 of 46

Answer Stats

HintAnswer% Correct
TSTSex (With My Ex)
97%
GOMDBecky's So Hot
93%
GOMDGirl Of My Dreams
90%
GOMDSting
90%
TSTFeel
86%
GOMDBetter Version
83%
TSTBitter
83%
Singlegirls girls girls
79%
TSTShh...Don't Say It
79%
YRNYCFMAll Love
76%
GOMDBirthday Girl
76%
YRNYCFMEfuck you for ruining new york city for me
76%
GOMDGuess We Lied...
76%
GOMDHoliday
76%
YRNYCFMIf You're Gonna Lie
76%
GOMDDSuckerpunch
76%
TSTThe One
76%
GOMDD20 Something
72%
GOMDConversations
72%
GOMDFor Cari
72%
TSTIf I Hated You
72%
GOMDI Love You, Bitch
72%
GOMDI Think I'm Growing?
72%
FFPrincess
72%
TSTSilence
72%
YRNYCFMStrangers
72%
SingleForever
69%
GOMDDHealing
69%
YRNYCFMUndrunk
69%
FFWasted Youth
69%
GOMDSerial Heartbreaker
66%
FFWar Paint
66%
FFAvalanche
62%
SingleEras Of Us
62%
YRNYCFMAbout You
59%
GOMDHer Body Is Bible
59%
FFLive Young Die Free
59%
SingleI Believe You
55%
SingleLead Me On
55%
FFOver My Head
55%
SingleLast Laugh
52%
SingleOne Too Many
48%
GOMDDBetter Version (feat. Kelsea)
31%
SingleI Fall Apart
31%
SingleCherry (feat. Hayley Kiyoko)
24%
SingleBecky's So Hot Alternate Version
3%

Score Distribution

Percentile by Number Answered

Percent of People with Each Score

Your Score History

You have not taken this quiz since the last reset